000
00292nam a2200109Ia 4500
008
180205s9999 xx 000 0 und d
020
_a
671723650
100
_a
Carnegie, Dale
245
_a
How to win friends & influene people /
260
_a
USA
_b
Pocket books
_c
1981
300
_a
xi, 269 pages
999
_c
354779
_d
354779